000 00513cam a22001697a 4500
008 180718b2011 xxu||||| |||| 00| 0 eng d
020 _a9788178440910
082 _aB3 M687e
245 _aEthics in governance
_cedited by T. K. Mishra, S. P. Aggarwal and B. K. Tiwary
260 _aNew Delhi
_bK. K.
_c2011
300 _a288p.
650 _aCivil service ethics
650 _aPublic administration -Moral and ethical aspects
700 _aTiwary, B. K.
700 _aAggarwal, S. P.
700 _aMishra, T. K.
999 _c442891
_d442891